Statistiques concernant Vainqueurs de l'EVO sur Smash Bros

Cliquez ici pour prendre le quiz!

Statistiques générales

  • Ce quiz a été pris 54 fois
  • Le résultat moyen est 10 sur 14

Statistiques - réponses

AnnéeRéponseJeu% Correct
2013Mang0Super Smash Bros. Melee
98%
2014Mang0Super Smash Bros. Melee
98%
2015ArmadaSuper Smash Bros. Melee
96%
2017ArmadaSuper Smash Bros. Melee
96%
2016HungryBoxSuper Smash Bros. Melee
96%
2018LeffenSuper Smash Bros. Melee
93%
2009Mew2KingSuper Smash Bros. Brawl
91%
2019MKLeoSuper Smash Bros. Ultimate
91%
2007KenSuper Smash Bros. Melee
73%
2015ZeRoSuper Smash Bros. for WII U
73%
2018LimaSuper Smash Bros. for WII U
47%
2016AllySuper Smash Bros. for WII U
44%
2017SalemSuper Smash Bros. for WII U
33%
2008CPUSuper Smash Bros. Brawl
13%

Distribution des résultats

Percentile par nombre de réponses

% des personnes avec chaque résultat

Votre développement - résultats

Vous n’avez pas pris ce quiz